Vplyv forward guidance centrálnych bánk na finančné trhy a ekonomické očakávania počas pandémie COVID-19 bakalárska práca

Salvato in:
Dettagli Bibliografici
Autore principale: Hajdučková, Martina
Ente Autore: Národohospodárska fakulta EU. Katedra bankovníctva a medzinárodných financií
Altri autori: Vateha, Marko Dávid, 1996-
Natura: Libro
Lingua:slovacco
Pubblicazione: Bratislava 2025
Tags: Aggiungi Tag
Nessun Tag, puoi essere il primo ad aggiungerne!!

MARC

LEADER 00000nbm a2200000 4500
001 0309246
005 20251003142411.8
041 0 |a slo 
044 |a SK 
245 1 0 |a Vplyv forward guidance centrálnych bánk na finančné trhy a ekonomické očakávania počas pandémie COVID-19  |b bakalárska práca  |c Martina Hajdučková ; školiteľ: Marko Dávid Vateha 
264 1 |a Bratislava  |c 2025 
300 |a 39 s. 
100 1 |a Hajdučková, Martina 
700 1 |a Vateha, Marko Dávid, 1996- 
710 2 |a Národohospodárska fakulta EU. Katedra bankovníctva a medzinárodných financií